000 00698nam a2200205Ia 4500
005 20250507130325.0
008 008 250505s9999 xx 000 0 chi d
020 _a0-7658-0221-X
037 _aAnnuals, Advances
040 _aEASL
_beng
_cEASL
041 _achi
_2eng
084 _aX:75.495.P1<-N7, P4
_qEASL
100 _aMishra Ramesh Etc Au.
_9664713
245 0 _aModernizing the Korean welfare state: Towards the productive welfare model
260 _aUSA
_bNew Jersey Transaction Publishers USA
_c2004
300 _a234p.
650 _aSouth Korea-Economic policy-Congresses
_9664714
942 _cTEXL
_hX:75.495.P1<-N7, P4
999 _c1319013
_d1319013